Ատելության դեմքը : (Record no. 90763)
[ view plain ]
| 000 -LEADER | |
|---|---|
| fixed length control field | 00919nam a2200205 a 4500 |
| 001 - CONTROL NUMBER | |
| control field | 000252842 |
| 003 - CONTROL NUMBER IDENTIFIER | |
| control field | AM-YeHGA |
| 005 - DATE AND TIME OF LATEST TRANSACTION | |
| control field | 20250618071709.0 |
| 008 - FIXED-LENGTH DATA ELEMENTS--GENERAL INFORMATION | |
| fixed length control field | 030807s1986 ai 000 | arm d |
| 040 ## - CATALOGING SOURCE | |
| Original cataloging agency | AM-YeHGA |
| 090 ## - LOCALLY ASSIGNED LC-TYPE CALL NUMBER (OCLC); LOCAL CALL NUMBER (RLIN) | |
| -- | 92057 |
| 245 10 - TITLE STATEMENT | |
| Title | Ատելության դեմքը : |
| Remainder of title | Վեպ-նամականի / |
| Statement of responsibility, etc. | Վ.Ա. Կորոտիչ; Ռուս. թարգմ.՝ Ս.Կ. Խաչատրյան; Խմբ.՝ Ա.Վ. Խաչատրյան, Ա.Ս. Սարգսյան; Նկ.՝ Հ.Կ. Մնացականյան. |
| 260 ## - PUBLICATION, DISTRIBUTION, ETC. | |
| Place of publication, distribution, etc. | Երևան : |
| Name of publisher, distributor, etc. | Հայաստան, |
| Date of publication, distribution, etc. | 1986. |
| 300 ## - PHYSICAL DESCRIPTION | |
| Extent | 240 էջ ; |
| Dimensions | 21 սմ. |
| 650 14 - SUBJECT ADDED ENTRY--TOPICAL TERM | |
| Topical term or geographic name entry element | Ուկրաինական գրականություն |
| General subdivision | Վեպ |
| 700 1# - ADDED ENTRY--PERSONAL NAME | |
| Personal name | Խաչատրյան, Ս.Կ. |
| Relator term | թարգմ. |
| Relationship | trl |
| 700 1# - ADDED ENTRY--PERSONAL NAME | |
| Personal name | Խաչատրյան, Ա.Վ. |
| Relator term | խմբ. |
| Relationship | edt |
| 700 1# - ADDED ENTRY--PERSONAL NAME | |
| Personal name | Սարգսյան, Ա.Ս. |
| Relator term | խմբ. |
| Relationship | edt |
| 700 1# - ADDED ENTRY--PERSONAL NAME | |
| Personal name | Մնացականյան, Հենրիկ Կարապետի, |
| Dates associated with a name | 1922-2001 |
| Relator term | նկ. |
| Relationship | art |
| 9 (RLIN) | 1758 |
| Withdrawn status | Lost status | Damaged status | Not for loan | Collection | Home library | Current library | Date acquired | Total checkouts | Full call number | Barcode | Date last seen | Price effective from | Koha item type | Public note |
|---|---|---|---|---|---|---|---|---|---|---|---|---|---|---|
| General | Fundamental Scientific Library | Fundamental Scientific Library | 22/12/2016 | 891.79 | 220073459 | 22/12/2016 | 22/12/2016 | Գրքեր / Books | 30 Days Loan | |||||
| General | Fundamental Scientific Library | Fundamental Scientific Library | 22/12/2016 | 891.79 | 220073519 | 22/12/2016 | 22/12/2016 | Գրքեր / Books | 30 Days Loan |
ՀՀ Գիտությունների ազգային ակադեմիայի հիմնարար գիտական գրադարան = Fundamental Scientific Library of NAS RA
All site content, except where otherwise noted, is licensed under a